00301nam a2200121Ia 4500008004100000041001200041082001600053100001400069245003400083260003800117300000800155650001600163221030s9999 xx 000 0 und d aEnglish a105.23bGoo aD. Gookin 0aDOS For Dummiescby D. Gookin bComdex ComputersaNew Delhic1998 a335 aBE Computer